000
00381nam a2200145Ia 4500
008
100204s9999 xx 000 0 und d
082
_b
11483
100
_a
कदम बा.
245
_a
शोभा
260
_b
"मधुर पब्लिकेशन , पुणे 2"
_c
1984
300
_a
423
630
_a
शोभा
730
_a
शोभा
942
_c
BOOK
999
_c
455919
_d
455916